LIBRARY & INFORMATION CENTRE, KCAET, TAVANUR

ONLINE PUBLIC ACCESS CATALOGUE (OPAC)

Development and performance evaluation of a blancher cum dryer for jackfruit (Record no. 14913)

MARC details
000 -LEADER
fixed length control field 00423nam a22001457a 4500
003 - CONTROL NUMBER IDENTIFIER
control field OSt
088 ## - REPORT NUMBER
Report number T 388
100 ## - MAIN ENTRY--AUTHOR NAME
Personal name ANUPAMA B.M
245 ## - TITLE STATEMENT
Title Development and performance evaluation of a blancher cum dryer for jackfruit
260 ## - PUBLICATION, DISTRIBUTION, ETC. (IMPRINT)
Place of publication Tavanur 2017
Name of publisher Kelappaji College of Agricultural Engineering and Technology
300 ## - PHYSICAL DESCRIPTION
Number of Pages 130
700 ## - ADDED ENTRY--PERSONAL NAME
Personal name Dr. Sudheer K.P (Guide)
942 ## - ADDED ENTRY ELEMENTS (KOHA)
Koha item type Theses

No items available.

free website counter